Art Room : (Registro nro. 195699)

Detalles MARC
000 -LEADER
campo de control de longitud fija 01671nam a2200397 i 4500
001 - NÚMERO DE CONTROL
campo de control 195699
003 - IDENTIFICADOR DE NÚMERO DE CONTROL
campo de control SpMaBN
005 - FECHA Y HORA DE LA ÚLTIMA TRANSACCIÓN
campo de control 20250825062652.0
007 - CAMPO FIJO DE DESCRIPCIÓN FÍSICA--INFORMACIÓN GENERAL
campo de control de longitud fija ta
008 - DATOS DE LONGITUD FIJA--INFORMACIÓN GENERAL
campo de control de longitud fija 240709s2023 sp a | |||| 000 0dspa
017 ## - NÚMERO DE COPYRIGHT O DE DEPÓSITO LEGAL
Número de copyright o de depósito legal M 34761-2023
Agencia que asigna Oficina Depósito Legal Madrid
020 ## - NÚMERO INTERNACIONAL ESTÁNDAR DEL LIBRO
Número Internacional Estándar del Libro 9788409569359
035 ## - NÚMERO DE CONTROL DEL SISTEMA
Número de control de sistema a6837023
040 ## - FUENTE DE CATALOGACIÓN
Centro catalogador/agencia de origen SpMaBN
Lengua de catalogación spa
Centro/agencia transcriptor SpMaBN
Normas de descripción rda
Centro/agencia modificador ES-MaACL
080 ## - NÚMERO DE LA CLASIFICACIÓN DECIMAL UNIVERSAL
Número de la Clasificación Decimal Universal 7.038
245 10 - MENCIÓN DEL TÍTULO
Título Art Room :
Resto del título espacio experimental, 2024-2026 /
Mención de responsabilidad, etc. edición, Alfonso González-Calero ; textos, Alfonso González-Calero González, Carlos Barrantes ; maquetación y traducciones, Josselyn Romero
264 #1 - PRODUCCIÓN, PUBLICACIÓN, DISTRIBUCIÓN, FABRICACIÓN Y COPYRIGHT
Producción, publicación, distribución, fabricación y copyright Madrid :
Nombre del de productor, editor, distribuidor, fabricante Investigación y Arte,
Fecha de producción, publicación, distribución, fabricación o copyright [2023]
300 ## - DESCRIPCIÓN FÍSICA
Extensión 110 páginas
Otras características físicas ilustraciones (blanco y negro y color)
Dimensiones 16 x 24 cm
336 ## - TIPO DE CONTENIDO
Término de tipo de contenido Texto
-- Imagen fija
Fuente rdacontent
337 ## - TIPO DE MEDIO
Nombre/término del tipo de medio sin mediación
Fuente rdamedia
338 ## - TIPO DE SOPORTE
Nombre/término del tipo de soporte volumen
Fuente rdacarrier
500 ## - NOTA GENERAL
Nota general Catalogación provisional: N-10105. Depósito J
546 ## - NOTA DE IDIOMA
Nota de lengua/lenguaje Textos en español y traducción en inglés
650 #0 - PUNTO DE ACCESO ADICIONAL DE MATERIA--TÉRMINO DE MATERIA
Término de materia o nombre geográfico como elemento de entrada Arte español-
Subdivisión cronológica S.XXI
9 (RLIN) 237357
655 #7 - TERMINO DE INDIZACIÓN--GENERO/FORMA
Datos o término principal de género/forma Libros ilustrados
Fuente del término tgfbne
9 (RLIN) 193653
700 ## - ENTRADA AGREGADA--NOMBRE PERSONAL
Nombre de persona González-Calero, Alfonso,
Fechas asociadas al nombre 1951-
Término indicativo de función/relación Autor
-- Director de publicación
9 (RLIN) 237358
700 ## - ENTRADA AGREGADA--NOMBRE PERSONAL
Nombre de persona Barrantes, Carlos
Término indicativo de función/relación Autor
9 (RLIN) 238867
700 ## - ENTRADA AGREGADA--NOMBRE PERSONAL
Nombre de persona Romero, Josselyn
Término indicativo de función/relación Traductor
9 (RLIN) 238868
852 ## - LOCALIZACIÓN
Ubicación ES-MaACL
Ubicación en estantería Depósito J
Número de control de estantería N-10105
Nota libre En proceso
Donativo/Legado Donación: editorial
itemnumber 203873
Encuadernación Encuadernación rústica
942 ## - ELEMENTOS DE ENTRADA SECUNDARIOS (KOHA)
Suprimir en OPAC No
Tipo de ítem Koha Libro impreso
Existencias
Estatus retirado Estado de pérdida Fuente del sistema de clasificación o colocación Estado de daño No para préstamo Biblioteca de origen Biblioteca actual Ubicación en estantería Fecha de adquisición Fuente de adquisición Total de préstamos Signatura topográfica completa Código de barras Visto por última vez Precio de reemplazo Tipo de ítem Koha
    Clasificación decimal universal     Biblioteca del Ateneo de Madrid Biblioteca del Ateneo de Madrid Depósito J 09/07/2024 Donación   N-10105 101228728 09/07/2024 09/07/2024 Libro impreso